Th-Mphil-synthesis and characterization of silver nanoparticles synthesized from methanolic extracts of freshwater algal species (Record no. 480010)
[ view plain ]
| 000 -LEADER | |
|---|---|
| fixed length control field | 00439nam a22001337a 4500 |
| 003 - CONTROL NUMBER IDENTIFIER | |
| control field | ASAB |
| 005 - DATE AND TIME OF LATEST TRANSACTION | |
| control field | 20180827062619.0 |
| 008 - FIXED-LENGTH DATA ELEMENTS--GENERAL INFORMATION | |
| fixed length control field | 160217t xxu||||| |||| 00| 0 eng d |
| 040 ## - CATALOGING SOURCE | |
| Transcribing agency | ASAB |
| 100 ## - MAIN ENTRY--PERSONAL NAME | |
| Personal name | Muneeb Haider Aftab-sup-Dr. Hussnain A. Janjua |
| 9 (RLIN) | 1558 |
| 245 ## - TITLE STATEMENT | |
| Title | Th-Mphil-synthesis and characterization of silver nanoparticles synthesized from methanolic extracts of freshwater algal species |
| 300 ## - PHYSICAL DESCRIPTION | |
| Extent | 64 p. : |
| 942 ## - ADDED ENTRY ELEMENTS (KOHA) | |
| Source of classification or shelving scheme | |
| Koha item type | Book |
| Withdrawn status | Lost status | Source of classification or shelving scheme | Damaged status | Not for loan | Collection code | Permanent Location | Current Location | Date acquired | Total Checkouts | Full call number | Barcode | Date last seen | Date last checked out | Price effective from | Koha item type | Shelving location |
|---|---|---|---|---|---|---|---|---|---|---|---|---|---|---|---|---|
| Atta-ur-Rahman School of Applied Biosciences (ASAB) | Atta-ur-Rahman School of Applied Biosciences (ASAB) | 02/17/2016 | 1 | Thesis Muneeb Haider Aftab | ASABMs-39-15 | 07/20/2018 | 06/23/2016 | 02/17/2016 | Book | |||||||
| Central Library (CL) | Central Library (CL) | 01/30/2020 | 660 | CL-T-4881 | 01/30/2020 | 01/30/2020 | Thesis | Thesis |
